00525nam a22001457a 4500003000400000005001700004008004100021040001400062100002500076245011400101260000900215300002800224500010000252504002700352OSt20171010095438.0120604t xxu||||| |||| 00| 0 eng d aMMSUcULS aUbaldo, Hadassah B.  aAntimicrobial activity of formulated lotion from rambutan (Nephelium Lappaceum) pericarpcHadassah B. Ubaldo  c2007 axv, 39 leaves c28 cm.  aThesis (BS Biology) -- Mariano Marcos State University-College of Arts and Sciences, Batac City aBibliography: leaf 25